| 000 | 00530nam a2200169 a 4500 | ||
|---|---|---|---|
| 001 | 000044638 | ||
| 005 | 20201002045522.0 | ||
| 008 | 141210s2013 dr 000 p spa d | ||
| 020 | _z9789945484021 | ||
| 040 |
_aDO-SdBNP _bspa _cBNPHU |
||
| 082 |
_axxxx _bxxxx |
||
| 100 | 1 |
_aJean-Baptiste, Marckenson _965746 |
|
| 245 | 1 | 0 |
_aSobresaturado : _b(poesía) / _cMarckenson Jean Baptiste. |
| 260 |
_aSanto Domingo : _bMontaño, _c2013. |
||
| 300 |
_a53 p. ; _c22 cm. |
||
| 500 | _aIncluye datos biográficos del autor en la contracubierta | ||
| 999 |
_c44127 _d44127 |
||